Statystyki dla Polskie Miasta po Opisie z Wikipedii #3

Kliknij tutaj aby rozwiązać quiz!

Ogólne statystyki

  • Ten quiz został rozwiązany 573 razy
  • Średni wynik to 7 z 10

Statystyki odpowiedzi

OpisMiasto% Poprawnych
„Pierwsza stolica Polski, pierwsza metropolia kościelna, miasto św. Wojciecha.”Gniezno
96%
„Na administracyjnym terenie miasta (choć kilka kilometrów od zabudowań) swoje źródła ma największa polska rzeka o tej samej nazwie.”Wisła
93%
„Siedziba Górnośląsko-Zagłębiowskiej Metropolii.”Katowice
91%
„W mieście znajduje się bazylika jasnogórska oraz klasztor na Jasnej Górze.”Częstochowa
90%
„Jedyne w Polsce miasto położone na 3 dużych wyspach: Uznam, Wolin, Karsibór oraz na kilkudziesięciu (łącznie 44) wyspach i wysepkach. ”Świnoujście
76%
„Została utworzona w 1959 r. z połączenia miast Ruda i Nowy Bytom.”Ruda Śląska
60%
„Razem z Sulechowem i Nową Solą tworzy tzw. Lubuskie Trójmiasto.”Zielona Góra
55%
„Duży ośrodek przemysłu, handlu i logistyki oraz węzeł drogowy, kolejowy i żeglugi śródlądowej. Na terenie miasta jest zlokalizowany Międzynarodowy Port Lotniczy im. Ignacego Jana Paderewskiego oraz port rzeczny.”Bydgoszcz
43%
„Jedno z najstarszych miast historycznego Górnego Śląska. (...) Do 1532 r. pozostawało w rękach Piastów śląskich, następnie stanowiło własność dynastii Hohenzollernów, a od 1623 r. – rodu Donnersmarcków jako Wolne Państwo Stanowe.”Bytom
36%
„Na terenie osiedla Mościce znajduje się siedziba Grupy Azoty, największej grupy kapitałowej branży chemicznej w kraju oraz Międzynarodowe Centrum Bezpieczeństwa Chemicznego.”Tarnów
25%

Rozkład punktacji

Percentyl według liczby udzielonych odpowiedzi

Procent ludzi z każdym wynikiem

Twoja historia wyników

Nie rozwiązałeś tego quizu